Modern livestock & poulty production
Guardat en:
| Autor principal: | |
|---|---|
| Format: | Llibre |
| Idioma: | Undetermined |
| Publicat: |
Delmar
2002
|
| Matèries: | |
| Etiquetes: |
Afegir etiqueta
Sense etiquetes, Sigues el primer a etiquetar aquest registre!
|
| Thư viện lưu trữ: | Trung tâm Học liệu Trường Đại học Cần Thơ |
|---|
| LEADER | 00477nam a2200181Ia 4500 | ||
|---|---|---|---|
| 001 | CTU_74480 | ||
| 008 | 210402s9999 xx 000 0 und d | ||
| 020 | |c 1763212 | ||
| 082 | |a 636.21 | ||
| 082 | |b G478 | ||
| 100 | |a Gillespie, James R. | ||
| 245 | 0 | |a Modern livestock & poulty production | |
| 245 | 0 | |c James R. Gillespie | |
| 260 | |b Delmar | ||
| 260 | |c 2002 | ||
| 650 | |a Livestock.,Poultry | ||
| 904 | |i Năm | ||
| 980 | |a Trung tâm Học liệu Trường Đại học Cần Thơ | ||